Kde žijú sny Spartak Trnava Stadiums est 1923

Bibliographic Details
Main Authors: Ševčík, Július (Author), Staško, Mojmír (Author)
Other Authors: Šefčík, Július
Format: Book
Language:Slovak
German
English
PhysicalDescription:181 strán fotografie 23 x 30 cm
Published: Trnava Sport Legal 2019
ISBN:9788089920082
Subjects:

MARC

LEADER 00000cam a2200000 4500
001 vtls011919147
003 SK-MaSNL
005 20260301225405.0
008 220509s2019 xo o gr 000 0 slo
015 |a SNBA2021/01 
020 |a 9788089920082  |q (viazané) 
035 |a urn:nbn:sk:snk-am00gej9 
035 |a urn:nbn:sk:snk-am3j649 
035 |a 47980C78-461E-4777-BADC-2B671273B0C4 
040 |a SNK  |b slo  |e rda  |c SNK 
041 0 |a slo  |a ger  |a eng 
043 |a e-xo--- 
044 |a xo  |c SK 
072 7 |a 796  |x Šport. Hry. Telesné cvičenia  |2 konspekt 
080 |a 796/799:061  |2 2011 
080 |a 796/799(091)  |2 2011 
080 |a (084.11)  |2 2011 
100 1 |a Ševčík, Július  |4 aut  |9 618902 
245 1 |a Kde žijú sny  |b Spartak Trnava Stadiums est 1923  |c Július Ševčík, Mojmír Staško 
246 3 1 |a Wo die Träume Leben 
246 3 1 |a Where Dreams Live 
246 3 3 |a Spartak Trnava Stadiums est 1923 
264 1 |a Trnava  |b Sport Legal  |c 2019 
300 |a 181 strán  |b fotografie  |c 23 x 30 cm 
336 |a text  |b txt  |2 rdacontent 
336 |a statický obraz  |b sti  |2 rdacontent 
337 |a bez média  |b n  |2 rdamedia 
338 |a zväzok  |b nc  |2 rdacarrier 
546 |a Súbežný názov a text v nemčine a angličtine 
610 2 7 |a FC Spartak Trnava  |2 SNKKA  |9 167760 
650 0 7 |a športové kluby  |2 SNKPH  |9 70137 
650 0 7 |a dejiny športu  |2 SNKPH  |9 59611 
650 0 7 |a atletika  |2 SNKPH  |9 3279 
650 0 7 |a cyklistika  |2 SNKPH  |9 3263 
650 0 7 |a pozemný hokej  |2 SNKPH  |9 3579 
650 0 7 |a hádzaná  |2 SNKPH  |9 3292 
650 0 7 |a ľadový hokej  |2 SNKPH  |9 3231 
650 0 7 |a futbal  |2 SNKPH  |9 3291 
650 0 7 |a Athletic clubs  |2 SNKPHeng  |9 270341 
650 0 7 |a History of sports  |2 SNKPHeng  |9 309845 
650 0 7 |a Athletics  |2 SNKPHeng  |9 344682 
650 0 7 |a Cycling  |2 SNKPHeng  |9 268751 
650 0 7 |a Field hockey  |2 SNKPHeng  |9 618903 
650 0 7 |a Handball  |2 SNKPHeng  |9 345868 
650 0 7 |a Ice hockey  |2 SNKPHeng  |9 275903 
650 0 7 |a Football  |2 SNKPHeng  |9 315473 
651 7 |a Trnava (Slovensko)  |2 SNKPHgeo  |9 19407 
651 7 |a Trnava (Slovakia)  |2 SNKPHeng  |9 267592 
655 7 |a obrazové publikácie  |2 SNKPH  |9 70343 
655 7 |a Pictorial works  |2 SNKPHeng  |9 284468 
700 1 |a Staško, Mojmír  |4 aut  |9 425454 
700 1 2 |a Šefčík, Július  |t Kde žijú sny  |9 618904 
700 1 2 |a Šefčík, Július  |t Wo die Träume Leben  |l Nemecky  |9 618905 
700 1 2 |a Šefčík, Július  |t Where Dreams Live  |l Anglicky  |9 618906 
919 |a 978-80-89920-08-2 
999 |c 950710  |d 952640 
952 |a SNK  |b SNK  |y PREZ  |7 0  |p 17A1418062  |o snkSC 188414  |i snk2020/7003  |8 0  |0 0  |1 0  |4 0  |d 2020-03-25  |f 1  |l 0  |r 2025-10-06 00:00:00  |w 2026-02-24 
952 |a SNK  |b SNK  |y VYP  |7 0  |p 17A1418063  |o snkSC 188414 D1  |i snk2020/7004  |8 0  |0 0  |1 0  |4 0  |d 2020-03-25  |l 0  |r 2026-02-24 09:47:18  |w 2026-02-24